000 00766nam a22002417a 4500
003 UA-OsUOA
001 69175
007 ta
008 20100610b un ||||| |||| 00| 0 ukr d
100 _aЕмелин А. С.
090 _a340.12(091)(470+471)
_bЕ60
942 _cBK
040 _aUA-OsUOA
_brus
_cUA-OsUOA
_dUA-OsUOA
245 _aИстория государства и права России (октябрь 1917 - декабрь 1991 гг.)
300 _a229 с.
955 _a2
041 _arus
080 _a340.12(091)(470+471)
020 _a5-93004-030-3
260 _aМ.
_c1999
650 7 _a340 Право в цілому. Пропедевтика. Методи та допоміжні правничі науки
_2UDC
999 _c355426
_d355426